banner-ar

LE GRAND PHARAON RAMSES II ET SON TEMPS / (Record no. 20307)

MARC details
000 -الفاتح
حقل البيانات ثابتة الطول 00595nam a2200205Ia 4500
008 - عناصر البيانات ثابتة الطول - معلومات عامة
حقل البيانات ثابتة الطول 140319s9999 xx 000 0 eng d
040 ## - مصدر الفهرسة
وكالة الفهرسة الأصلية GCL /
وكالة النسخ GCL
082 04 - رقم تصنيف ديوى العشرى
رقم التصنيف CC
رقم المادة 932.014
-- N G
100 1# - المدخل الرئيسى - إسم شخصى
الإسم الشخصى MOBLECOURT, CHRISTIANE DESROUCHES
245 10 - بيان العنوان
العنوان LE GRAND PHARAON RAMSES II ET SON TEMPS /
بيان المسئوليه,etc MOBLECOURT, CHRISTIANE DESROUCHES
260 ## - PUBLICATION, DISTRIBUTION, ETC. (IMPRINT)
تاريخ النشر أو التوزيع 1985
650 04 - المدخل الاضافى بالموضوع-مصطلح موضوعى
مصطلح موضوعي LUXOR
650 04 - المدخل الاضافى بالموضوع-مصطلح موضوعى
مصطلح موضوعي VALLEY OF THE KINGS
650 04 - المدخل الاضافى بالموضوع-مصطلح موضوعى
مصطلح موضوعي ANCIENT EGYPT - TOMBS
650 04 - المدخل الاضافى بالموضوع-مصطلح موضوعى
مصطلح موضوعي THEBES
650 04 - المدخل الاضافى بالموضوع-مصطلح موضوعى
مصطلح موضوعي RAMSES II
650 04 - المدخل الاضافى بالموضوع-مصطلح موضوعى
مصطلح موضوعي NEW KINGDOM - EGYPT
942 ## - عناصر المدخل الإضافي( كوها)
مصدر التصنيف او مخطط الترفيف Dewey Decimal Classification
Koha [default] item type كتاب
260 ## - PUBLICATION, DISTRIBUTION, ETC. (IMPRINT)
-- [S.N] :
-- PALIS DE LA CIVILISATION ،
Holdings
حالة التراجع حالة الفقد حالة تلف ليس للاعارة المكان المؤقت الموقع الحالى تاريخ الاكتساب اجمالي اﻻعارات رقم الطلب الباركود تاريخ اخر مشاهدة تاريخ تفعيل السعر نوع وعاء كوها
        مكتبة القاهرة الكبرى مكتبة القاهرة الكبرى 03/26/2014   CC\932.014\N G 38155 03/26/2014 03/26/2014 كتاب

Powered By

EGPV